100 Largest Cities in Senegal - Statistics

General Stats
  • This quiz has been taken 89 times
  • The average score is 18 of 100
Answers on the Map
Answers color-coded by a green-red scale on the quiz's map according to % correct below.
 
Answer Stats
Regions Population Answer % Correct
Dakar 3,186,088 Dakar
100%
Saint-Louis 254,171 Saint-Louis
86%
Thiès 391,253 Thiès
81%
Kaolack 298,904 Kaolack
70%
Tambacounda 149,071 Tambacounda
70%
Diourbel 1,120,824 Touba
65%
Ziguinchor 214,874 Ziguinchor
65%
Louga 113,365 Louga
62%
KOL 103,574 Kolda
54%
Thiès 284,189 Mbour
51%
Diourbel 157,554 Diourbel
49%
Fatick 39,361 Fatick
49%
Kaffrine 57,307 Kaffrine
49%
Kédougou 59,231 Kédougou
49%
Matam 27,695 Matam
49%
Sédhiou 31,511 Sédhiou
38%
Dakar 295,459 Rufisque
35%
Saint-Louis 73,147 Richard-Toll
30%
Tambacounda 18,939 Bakel
22%
Thiès 41,811 Saly Portudal
22%
Thiès 102,658 Tivaouane
22%
Saint-Louis 12,512 Podor
19%
Thiès 8,762 Somone
19%
Ziguinchor 28,642 Bignona
16%
Dakar 71,036 Jaxaay
16%
Thiès 61,582 Joal
16%
Diourbel 101,451 Mbacké
16%
Diourbel 37,374 Bambey
14%
Saint-Louis 26,568 Dagana
14%
Louga 27,305 Kébémer
14%
Louga 19,191 Linguère
14%
Thiès 40,811 Mboro
14%
Dakar 69,242 Bargny
11%
Dakar 47,759 Diamniadio
11%
Kaolack 20,340 Guinguinéo
11%
Thiès 33,273 Kayar
11%
Thiès 20,321 Khombole
11%
Kaffrine 31,149 Koungheul
11%
Thiès 27,566 Meckhe
11%
Thiès 13,744 Ngaparou
11%
Kaolack 28,491 Nioro du Rip
11%
Matam 27,222 Ourossogui
11%
Saint-Louis 16,225 Ross Béthio
11%
Dakar 110,958 Sangalkam
11%
Thiès 20,168 Thiadiaye
11%
Kolda 45,431 Vélingara
11%
Louga 45,530 Dahra
8%
Fatick 12,795 Diofior
8%
Ziguinchor 8,109 Diouloulou
8%
Fatick 8,924 Foundiougne
8%
Saint-Louis 12,296 Gaé
8%
Kaolack 18,239 Gandiaye
8%
Saint-Louis 7,124 Golléré
8%
Fatick 15,630 Gossas
8%
Matam 15,244 Kanel
8%
Kaolack 16,551 Keur Madiabel
8%
Tambacounda 13,551 Kidira
8%
Tambacounda 15,723 Koumpentoum
8%
Kolda 16,216 Kounkané
8%
Kaffrine 12,188 Malem-Hodar
8%
Saint-Louis 11,025 Mpal
8%
Saint-Louis 20,270 Ndioum
8%
Thiès 47,964 Nguékhokh
8%
Fatick 18,322 Passy
8%
Thiès 29,874 Pout
8%
Matam 20,048 Sinthiou Bamambé
8%
Fatick 20,424 Sokone
8%
Matam 9,376 Waoundé
8%
Saint-Louis 14,384 Aéré Lao
5%
Kaffrine 10,891 Birkelane
5%
Sédhiou 9,969 Bounkiling
5%
Kolda 9,611 Dabo
5%
Kolda 41,411 Diaobé
5%
Tambacounda 12,147 Diawara
5%
Tambacounda 10,540 Goudiry
5%
Sédhiou 15,993 Goudomp
5%
Saint-Louis 7,002 Guédé Chantier
5%
Louga 10,547 Guéoul
5%
Matam 12,646 Hamady Ounaré
5%
Kaolack 26,376 Kahone
5%
Fatick 26,972 Karang Poste
5%
Sédhiou 18,531 Madina Wandifa
5%
Sédhiou 9,815 Marsassoum
5%
Louga 10,046 Ndiagne
5%
Saint-Louis 6,769 Ndiandane
5%
Kaolack 18,974 Ndofane
5%
Kaffrine 14,369 Nganda
5%
Matam 14,423 Nguidjilone
5%
Thiès 12,743 Popenguine-Ndayane
5%
Saint-Louis 22,299 Rosso
5%
Dakar 42,839 Sébikhotane
5%
Matam 9,213 Semmé
5%
Kaolack 11,508 Sibassor
5%
Matam 15,044 Thilogne
5%
Ziguinchor 8,961 Thionck Essyl
5%
Dakar 152,043 Tivaouane Peulh
5%
Dakar 61,100 Bambylor
3%
Sédhiou 11,543 Ndiamacouta
3%
Matam 7,384 Odobéré
3%
Dakar 34,892 Yenne
3%
No matching quizzes found
Score Distribution
Percent of People with Each Score
Percentile by Number Answered
Your Score History
You have not taken this quiz